[Hősök temetője Zboróv]

Zobrazenie: pohľad na drevené kríže na vojenskom cintoríne padlých v 1. svetovej vojne, vľavo vysoký kríž, v popredí obdĺžnikové plochy vysypané kamienkami s kríkmi uprostred

Podrobná bibliografia
Médium: Pohľadnica
Jazyk:maďarčina
Fyzický popis:1 pohľadnica čiernobiela 9 x 14 cm
Vydavateľské údaje: [Slovensko?] [vydavateľ neznámy] [1928?]
Predmet:

MARC

LEADER 00000nkmaa2200000 a 4500
001 vtls011628828
003 SK-MaSNL
005 20260512124642.0
007 kp bo
008 231206q1928 xo g 00 kuhun
040 |a SNK  |b slo  |c SNK  |e AACR2 
041 0 |a hun 
043 |a e-xo--- 
044 |a xo  |c SK 
080 |a 913(437.6)  |2 2011 
080 |a 718:355  |2 2011 
080 |a (084.121)  |2 2011 
245 0 0 |a [Hősök temetője Zboróv]  |h grafika 
260 |a [Slovensko?]  |b [vydavateľ neznámy]  |c [1928?] 
300 |a 1 pohľadnica  |b čiernobiela  |c 9 x 14 cm 
520 8 |a Zobrazenie: pohľad na drevené kríže na vojenskom cintoríne padlých v 1. svetovej vojne, vľavo vysoký kríž, v popredí obdĺžnikové plochy vysypané kamienkami s kríkmi uprostred 
650 0 7 |a vojenské cintoríny  |2 SNKPH  |9 74291 
650 0 7 |a prvá svetová vojna (1914-1918)  |2 SNKPH  |9 162650 
651 7 |a Zborov (Slovensko)  |2 SNKPH  |9 34657 
651 7 |a Bardejov (Slovensko : okres)  |2 SNKPH  |9 28620 
655 7 |a miestne pohľadnice  |2 SNKPH  |9 70510 
958 |a GC 
958 |a GBN 
999 |c 936668  |d 938598 
952 |a SNK  |b SNK  |y PREZ  |7 0  |p 17A1221054  |o snkSP 25720  |0 0  |1 0  |4 0  |d 2017-05-12  |f 1  |l 0  |r 2026-02-24 09:06:14  |w 2026-02-24